Every 100,000+ city in India: Andhra Pradesh - Statistics

General Stats
  • This quiz has been taken 17 times
  • The average score is 19 of 40
Answer Stats
Letter Population City % Correct
N 943,031 Nellore
100%
T 617,044 Tirupati
100%
V 2,507,941 Visakhapatnam
100%
G 1,043,882 Guntur
93%
V 1,315,146 Vijayawada
93%
E 458,083 Eluru
87%
K 540,030 Kurnool
87%
O 437,009 Ongole
80%
A 521,670 Anantapur
73%
K 533,059 Kadapa
73%
K 916,295 Kakinada
73%
R 602,449 Rajamahendravaram
73%
S 226,805 Srikakulam
73%
V 288,012 Vizianagaram
67%
C 219,707 Chittoor
60%
T 170,141 Tenali
60%
B 122,750 Bhimavaram
47%
T 102,224 Tuni
47%
A 130,058 Anakapalle
40%
B 103,361 Bapatla
40%
N 386,315 Nandyala
40%
C 192,733 Chirala
33%
M 107,194 Markapur
33%
P 377,034 Proddatur
33%
A 138,445 Adoni
27%
D 132,116 Dharmavaram
27%
H 166,810 Hindupuram
27%
K 134,090 Kadiri
27%
K 112,050 Kavali
27%
M 252,075 Madanapalle
27%
T 240,550 Tadipatri
27%
B 115,134 Badvel
20%
C 110,721 Chilakaluripet
20%
G 145,201 Guntakal
20%
J 102,896 Jammalamadugu
20%
M 104,907 Mangalagiri
13%
Y 101,918 Yemmiganur
13%
B/P 100,276 Pileru
7%
P 100,834 Pulivendula
7%
R 127,202 Rayachoty
7%
No matching quizzes found
Score Distribution
Percent of People with Each Score
Percentile by Number Answered
Your Score History
You have not taken this quiz